1852 1005 1395 1022 1788 1688 1560 1389 1409 1621 1137 1719 1144 1156 1961 1434 1374 1393 1202 1841 1441 1924 1310 1633 1834 1751 1339 1343 1717 1813 1946 1489 1686 1088 1299 1879 1458 1741 1113 1487 1627 1917 1709 1450 1760 1102 1509 1024 1475 1081 1043 1514 1761 1268 1628 1821 1994 1220 1999 1127 1933 1464 1822 1635 1603 1071 1677 1146 1840 1312 1169 1722 1872 1865 1612 1629 1221 1986 1582 1341 1337 1830 1999 1452 1390 1306 1898 1723 1970 1639 1578 1126 1360 1842 1733 1126 1595 1084 1932 BCNSPRNW ULIB Ver.6.0+V

เปลี่ยนเป็นภาษาไทย

Change to English
 แสดงรายละเอียดบรรณานุกรม
  กลับหน้าหลัก

Brief Record : Get Marc (ISO 2709) : E-mail record : QR code < ปิดหน้าต่าง
LEADER : 00000nam 2200000uu 4500
001    13399108373
003     ULIB
008    110302s2547||||th 000 0 tha d
020    9749202740
041 0  tha
060 04 WY157^bพ486ก 2547
100 0  พวงน้อย สาครรัตนกุล
245 10 การพยาบาลสตรีตั้งครรภ์ /^cพวงน้อย สาครรัตนกุล, จันทิมา ขนบดี
250    พิมพ์ครั้งที่ 1
260    กรุงเทพฯ :^bภาควิชาพยาบาลศาสตร์ คณะแพทยศาสตร์โรงพยาบาลรามาธิบดี มหาวิทยาลัยมหิดล,^c2547
300    170 หน้า :^bภาพประกอบ ;^c29 ซม.
504    มีบรรณานุกรมและดัชนี
650  7 ครรภ์
650  7 การพยาบาลสูติศาสตร์
700 0  จันทิมา ขนบดี
710 2  มหาวิทยาลัยมหิดล. ^bคณะแพทยศาสตร์โรงพยาบาลรามาธิบดี.^bภาควิชาพยาบาลศาสตร์
945    ^p150^l0^i019374
945    ^p150^l0^i016980
945    ^p150^l0^i016979
995     เกษร
999 ^a ใช้งานได้ทุกระบบ
รายการนี้ยังไม่มีแท็ก
คุณยังไม่ได้ล็อกอิน คุณสามารถมีกิจกรรมร่วมกับเว็บไซต์ได้ แต่ต้องล็อกอินก่อน ::
  ล็อกอิน

รายการสื่อสารสนเทศ

ลำดับที่ ประเภท เลขเรียก/บาร์โค้ด สถานที่ สถานะ
- ไม่พบข้อมูล -

รายการใกล้เคียง
    ผู้แต่ง [พวงน้อย สาครรัตนกุล]

    หัวเรื่อง [ครรภ์]
    หัวเรื่อง [การพยาบาลสูติศาสตร์]

BibComment


ยังไม่เคยถูกคอมเมนท์

คอมเมนท์ทรัพยากรรายการนี้
  คอมเมนท์: การพยาบาลสตรีตั้ง..


 Copyright 2026. Bcnsprnw @Library